Statistics for Asian countries in their Native Language

Click here to take the quiz!

General Stats

  • This quiz has been taken 20 times
  • The average score is 40 of 49

Answer Stats

HintAnswer% Correct
AfġānistānAfganistan
94%
AzərbaycanAzerbaijan
94%
IndonesiaIndonesia
94%
ĪrānIran
94%
al-ʿIrāqIraq
94%
ĶazaķstanKazakhstan
94%
MyanmaMyanmar
94%
al-BaḥraynBahrain
88%
BāṅlādēśBangladesh
88%
Brunei DarussalamBrunei
88%
ZhōngguóChina
88%
Timór Lorosa'eEast Timor
88%
Yiśrā'ēlIsrael
88%
NihonJapan
88%
al-KuwaytKuwait
88%
MalaysiaMalaysia
88%
Mongol UlsMongolia
88%
NēpālNepal
88%
ʿUmānOman
88%
pākistānPakistan
88%
PilipinasPhilippines
88%
QaṭarQatar
88%
Šrī LaṁkāSri Lanka
88%
T'ai2-wan1Taiwan
88%
TojikistonTajikistan
88%
TürkiyeTurkey
88%
TurkmenistanTurkmenistan
88%
Việt NamVietnam
88%
al-YamanYemen
88%
KampucheaCambodia
81%
KýprosCyprus
81%
RossijaRussia
81%
as-SaʿūdīyâSaudi-Arabia
81%
O'zbekistonUzbekistan
81%
LāwLaos
75%
Lubnān
Lebanon
75%
SūrīyâSyria
75%
Prathēt taiThailand
75%
HayastanArmenia
69%
KyrgyzstanKyrgyztan
69%
JoseonNorth Korea
69%
HangukSouth Korea
69%
Sak'art'veloGeorgia
63%
al-UrdunJordan
63%
al-ImārātUAE
63%
druk-yulBhutan
56%
BhāratIndia
56%
xīnjiāpōSingapore
56%
DhivehiMaldives
44%

Score Distribution

Percentile by Number Answered

Percent of People with Each Score

Your Score History

You have not taken this quiz